000 00393nam a2200133Ia 4500
008 210210b1970 xxu||||| |||| 00| 0 eng d
082 _a304.6 BOSS
100 _aBOSE (Ashish) and others.
245 _aStudies in demography. (Essays presented to Prof. S Chandrasekhar).
260 _aLondon.
_bGeorge Allen and Unwin Ltd.,
_c1970
300 _a579
690 _aSocial Change
906 _a033567
999 _c84725
_d84725